| 000 | 00821nam a22002418a 4500 | ||
|---|---|---|---|
| 005 | 20080908163306.0 | ||
| 008 | 080829s2008 cau b 001 0 eng | ||
| 010 | _aENG-92353 | ||
| 020 | _c80.00 | ||
| 035 | _aEN-75886 | ||
| 037 | _bDBAD / PUB | ||
| 040 |
_adpl _bEnglish |
||
| 082 | _a338.7 | ||
| 100 | _aGeetha, T.N. | ||
| 245 |
_aBusiness economics / _cby T.N. Geetha |
||
| 260 |
_aErode _bPallavi Pathippagam _c2008 |
||
| 270 |
_a194, Kanna Complex, Mettur Road, _bErode _e11 |
||
| 300 |
_a236p. _c20cm (pbk) |
||
| 650 | _aBusiness economics | ||
| 650 | _aManagerial economics | ||
| 942 |
_2ddc _cEN _mGEE _h338.7 |
||
| 999 |
_c20560 _d20560 |
||